000 00310nam a2200133Ia 4500
005 20251222143115.0
008 251222s9999||||xx |||||||||||||| ||spa||
082 _a813.5/S27/2018
100 _aSaurat, Carmen
245 0 _aEl Quinto Libro
250 _a1ra. ed.
264 _bBlog.carmensaurat
942 _cLIB
999 _c11329
_d11329